000 00315nam a22001457a 4500
008 230512b ||||| |||| 00| 0 eng d
020 _a9781642770896
041 _aeng
080 _a311
082 _a311HEN
100 _a25
101 _aSTATIK
245 _aBEGINNONG STATISTICS
_cHENDRIX.R
942 _2udc
_cBK
999 _c59696
_d59696